Lévi-Strauss y el pensamiento salvaje

Uloženo v:
Podrobná bibliografie
Hlavní autor: Keck, Fréderic (Autor)
Médium: Kniha
Jazyk:španělština
Vydáno: Buenos Aires Nueva Visión 2005
Vydání:1a. ed
Edice:Colección Claves Perfiles
Témata:
Tagy: Přidat tag
Žádné tagy, Buďte první, kdo vytvoří štítek k tomuto záznamu!

MARC

LEADER 00000cam a2200000 a 4500
001 UCE5306
003 CL-VaPUC
005 20210515001746.0
008 141218e20050000ag |||||||||||||||||spa|d
999 |c 358057  |d 358055 
020 |a 9506025185 
040 |c Pontificia Universidad Católica de Valparaíso 
082 0 4 |a 100  |b KEC  |2 21 
100 0 |a Keck, Fréderic  |e author  |9 577857 
245 1 0 |a Lévi-Strauss y el pensamiento salvaje 
250 |a 1a. ed 
260 |a Buenos Aires  |b Nueva Visión  |c 2005 
300 |a 110 p 
490 0 |a Colección Claves Perfiles 
583 |a last modification  |c 20141218 14:43:00  |k Rodrigo Vera 
600 |a Lévi-Strauss, Claude  |d 1908-2009  |9 860625 
650 7 |a ETNOPSICOLOGIA  |2 CL-VaPUC  |9 309927 
650 0 |a Filosofía   |9 223554 
650 7 |a PENSAMIENTOS  |2 CL-VaPUC  |9 378316 
942 |c BK  |2 ddc 
945 |d 20141218 14:43:00  |a arojas 
952 |0 0  |1 0  |3 erb  |4 0  |6 100_000000000000000_KEC_2005  |7 0  |8 A  |9 466301  |a BIBART  |b BIBART  |i 5130581  |o 100 KEC 2005  |p 5130581  |r 2025-03-13  |w 2019-11-23  |y BK  |z Catalogado en:20141218  |k ART